Methods of regional analysis : (Record no. 18650)
[ view plain ]
| 000 -LEADER | |
|---|---|
| fixed length control field | 00903nam a22002657a 4500 |
| 005 - DATE AND TIME OF LATEST TRANSACTION | |
| control field | 20141119123025.0 |
| 008 - FIXED-LENGTH DATA ELEMENTS--GENERAL INFORMATION | |
| fixed length control field | 141119t19601967xxua fr2d 001 0 eng d |
| 040 ## - CATALOGING SOURCE | |
| Original cataloging agency | EG-ScBUE |
| 082 00 - DEWEY DECIMAL CLASSIFICATION NUMBER | |
| Edition number | 22 |
| Classification number | 307.12 |
| Item number | ISA |
| 100 1# - MAIN ENTRY--PERSONAL NAME | |
| Personal name | Isard, Walter |
| 9 (RLIN) | 36610 |
| 245 10 - TITLE STATEMENT | |
| Title | Methods of regional analysis : |
| Remainder of title | an introduction to regional science / |
| Statement of responsibility, etc | by Walter Isard. |
| 250 ## - EDITION STATEMENT | |
| Edition statement | 5th ed., |
| Remainder of edition statement | reprinted. |
| 260 ## - PUBLICATION, DISTRIBUTION, ETC. (IMPRINT) | |
| Place of publication, distribution, etc | Cambridge, United States ; |
| -- | London : |
| Name of publisher, distributor, etc | The M.I.T Press, |
| Date of publication, distribution, etc | c.1960 |
| 300 ## - PHYSICAL DESCRIPTION | |
| Extent | xxix, 784 p. : |
| Other physical details | ill. ; |
| Dimensions | 23 cm. |
| 490 1# - Series Statement | |
| Series statement | The Regional science studies series |
| 500 ## - GENERAL NOTE | |
| General note | Reprint of the 1960 ed. |
| 500 ## - GENERAL NOTE | |
| General note | Includes bibliographical reference. |
| 504 ## - BIBLIOGRAPHY, ETC. NOTE | |
| Bibliography, etc | Includes indexes. |
| 650 #0 - SUBJECT ADDED ENTRY--TOPICAL TERM | |
| 9 (RLIN) | 36592 |
| Topical term or geographic name as entry element | Regional planning |
| 650 #0 - SUBJECT ADDED ENTRY--TOPICAL TERM | |
| Topical term or geographic name as entry element | Regionalism |
| 9 (RLIN) | 36611 |
| 653 ## - INDEX TERM--UNCONTROLLED | |
| Resource For college | Generalities |
| Arrived date list | November2014 |
| 655 ## - INDEX TERM--GENRE/FORM | |
| Form subdivision | |
| -- | 34232 |
| 830 #0 - SERIES ADDED ENTRY--UNIFORM TITLE | |
| Uniform title | Regional science studies series |
| 942 ## - ADDED ENTRY ELEMENTS (KOHA) | |
| Source of classification or shelving scheme | Dewey Decimal Classification |
| Call number prefix | 307.12 ISA |
| Withdrawn status | Item status | Source of classification or shelving scheme | Damaged status | Not for loan | Vendor | Home library | Current library | Shelving location | Date acquired | Source of acquisition | Cost, normal purchase price | Total Checkouts | Full call number | Barcode | Date last seen | Cost, replacement price | Koha item type |
|---|---|---|---|---|---|---|---|---|---|---|---|---|---|---|---|---|---|
| Dewey Decimal Classification | سور الازبكية | Central Library | Central Library | First floor | 19/11/2014 | 40.00 | 307.12 ISA | 000037033 | 15/07/2025 | 50.00 | NB - Book (Non borrowing) |